000 00988nam a2200265Ia 4500
003 OSt
005 20220923211236.0
006 a|||||r|||| 00| 0
007 ta
008 220922b |||||||| |||| 00| 0 hin d
020 _a9788171785612 (hbk)
_c150
024 _a262,140
037 _b70, 02/07/2012, Eastern Book Linkers
_cTextual
040 _aARTS
_cARTS
_bhin
041 _2hin
_ahin
082 _aX:533.2, N6
100 _aभादुड़ी, अमित; नय्यर, दीपक
_9159996
245 0 _aउदारीकरण का सच
246 _aUdārīkaraṇ kā sacha
260 _aनयी दिल्ली
_b राजकमल प्रकाशन
_c1996
300 _a148पृ.
_ccm.
650 _aभारतीय अर्थव्यवस्था
942 _hX:533.2, N6
_cTEXL
_2CC
999 _c297501
_d297501